00925cam a2200229 a 450000100100000000500170001000800410002702000150006804000300008308200190011310000400013224501040017226001030027630000210037949000170040050400550041765000610047265100470053365100420058065000560062283000170067800001470220200929163905.0030317s2001 mx b 001 0 spa  a9707020156 aDO-SdBNPbspacDLCdBNPHU a320.972bR696e1 aRodríguez Ledesma, Xavier,d1960-10aEscritores y poder :bla dualidad republicana en México, 1968-1994 /cXavier Rodríguez Ledesma. aMéxico :bUniversidad Pedagógica Nacional,bFondo Nacional para la Cultura y las Artes,c2001. a327 p. ;c22 cm.1 aTextos ;v19 aIncluye referencias bibliográficas (p. 305-315). 4aIntelectualesxActividad políticazMéxicoy1968-1994 4aMéxicoxPolítica Y Gobiernoy1968-1994 4aMéxicoxVida Intelectualy1968-1994 4aLiteratura mexicanaySIGLO XXxHistoria y crítica 0aTextos ;v19